000 00276nam a2200121Ia 4500
100 _aGOVERNMENT OF INDIA
942 _cBK
245 _aTRAINING MANUAL FOR I.T.I. & CENTRES.
260 _bTata McGrawhill
_aNew Delhi
_c2003
300 _a198
546 _aENGLISH
999 _c25146
_d25146